El liceo. Relato, memoria, política.
Guardat en:
| Autor principal: | |
|---|---|
| Format: | Llibre |
| Idioma: | anglès |
| Publicat: |
Santiago, Chile:
Taurus; Penguin Random House,
2018.
|
| Edició: | Primera edición. |
| Matèries: | |
| Etiquetes: |
Afegir etiqueta
Sense etiquetes, Sigues el primer a etiquetar aquest registre!
|
MARC
| LEADER | 00000nam a22000007a 4500 | ||
|---|---|---|---|
| 003 | CL-VaPUC | ||
| 005 | 20220822114417.0 | ||
| 008 | 210525t2018 ||||| |||| 00| 0 eng d | ||
| 999 | |c 432999 |d 432997 | ||
| 020 | |a 978-956-9635-25-0 | ||
| 040 | |c Pontificia Universidad Católica de Valparaíso | ||
| 082 | 0 | |a 373.0983 SER 2018 |2 21 | |
| 100 | 1 | |a Serrano, Sol |e autora |9 604780 | |
| 245 | 1 | 3 | |a El liceo. |b Relato, memoria, política. |
| 250 | |a Primera edición. | ||
| 260 | 3 | |a Santiago, Chile: |b Taurus; |b Penguin Random House, |c 2018. | |
| 300 | |a 109 páginas. | ||
| 500 | |a c.1 Donación VRA N. Vásquez L. c.2 Donación Familia Prof. Alejandro Guzmán Brito. | ||
| 583 | |c 20210525 |k Daniel Castañeda | ||
| 650 | 0 | 0 | |9 257642 |a Historia de la educación |x Educación media |z Chile |
| 650 | 0 | 0 | |a Liceos |9 351223 |x Cambio social |x Participación política |z Chile |
| 942 | |2 ddc |c BK |n 0 | ||
| 952 | |0 0 |1 0 |2 ddc |4 0 |6 373_098300000000000_SER_2018 |7 0 |8 A |9 577877 |a BIBHIS |b BIBHIS |d 2021-05-25 |i 5621399 |l 6 |o 373.0983 SER 2018 |p 5621399 |r 2025-01-20 |s 2022-11-08 |t 1 |w 2021-05-25 |y BK |k HIS | ||
| 952 | |0 0 |1 0 |2 ddc |4 0 |6 373_098300000000000_SER_2018 |7 1 |8 C_AGB |9 581090 |a BIBDER |b BIBDER |d 2022-02-03 |e Donación |i 5644372 |o 373.0983 SER 2018 |p 5644372 |r 2023-01-25 |t 2 |w 2022-02-03 |y BK_US |k AGB | ||